Cast iron pipe flanges and flanged fittings /

Guardado en:
Autor Corporativo: América National Standard.
Formato: Libro
Idioma:English
Publicado: New York : The América Society of Mechanical Engineers (ASME), 1975.
Materias:
Etiquetas: Agregar Etiqueta
Sin Etiquetas, Sea el primero en etiquetar este registro!
LEADER 00784nam a22002055a 4500
001 EIQ.libpla002001
008 070322s1975####nyua##########000#0#eng#d
005 20070322192631.0
245 1 0 |a Cast iron pipe flanges and flanged fittings /  |c América National Standard. 
260 |a New York :  |b The América Society of Mechanical Engineers (ASME),  |c 1975. 
300 |a ix, [41] p. :  |b il., tablas ;  |c 29 cm. 
500 |a "ANSI B16.1-1975 (revision of USAS B16.1-1967)". 
500 |a "Class 25, 125, 250 and 800". 
650 4 |a Tuberías  |x Estándares. 
650 4 |a Procesos  |x Tuberías. 
650 4 |a Processes  |x Pipes. 
650 4 |a Pipes  |x Standards. 
040 |a AR-BbSID  |b spa  |c AR-BbSID 
110 2 |a América National Standard. 
859 |a AR-BbSID  |b BIB. PLAPIQUI  |h 621.867 2  |i An 81  |k R  |p 4983  |v B 16.1